La pastoral en las misiones de América Latina
Gardado en:
| Autor Corporativo: | |
|---|---|
| Formato: | Libro |
| Idioma: | Lingua castelá |
| Publicado: |
Ciudad de México
D.M.C
1972
|
| Series: | Colección Iglesia Nueva, 12
|
| Subjects: | |
| Tags: |
Engadir etiqueta
Sen Etiquetas, Sexa o primeiro en etiquetar este rexistro!
|
MARC
| LEADER | 00000nam a2200000 a 4500 | ||
|---|---|---|---|
| 001 | UCL3646 | ||
| 003 | CL-VaPUC | ||
| 008 | 031205e19720000MX |||||||||||||||||spa|d | ||
| 082 | 0 | 4 | |a 266 |b DEP |2 21 |
| 110 | 2 | |a Departamento de Misiones del CELAM |e author |9 481002 | |
| 245 | 1 | 3 | |a La pastoral en las misiones de América Latina |
| 300 | |a 92 p | ||
| 942 | |c BK | ||
| 945 | |d 20031205 00:00:00 |a vberengu | ||
| 260 | |a Ciudad de México |b D.M.C |c 1972 | ||
| 650 | 7 | |a MISIONES |2 CL-VaPUC |9 269280 | |
| 650 | 0 | |a Teología social |9 326726 | |
| 650 | 7 | |a EVANGELIZACION |2 CL-VaPUC |9 481003 | |
| 651 | 0 | |a América Latina |9 255027 | |
| 583 | |a last modification |c 20031205 00:00:00 |k Rodrigo Vera | ||
| 490 | 0 | |a Colección Iglesia Nueva, 12 | |
| 999 | |c 306662 |d 306660 | ||
| 952 | |0 0 |1 0 |4 0 |6 266_000000000000000_DEP_1972 |7 0 |8 A |9 371838 |a BIBTEO |b BIBTEO |d 2019-11-21 |i 2096773 |o 266 DEP 1972 |p 2096773 |r 2025-01-17 |w 2019-11-21 |y BK |k ICR | ||